[Event "Eastpointe (EDO/4/6)"]
[Site "?"]
[Date "1993.??.??"]
[Round "?"]
[White "Grams, Paul"]
[Black "Kulbacki, James"]
[Result "0-1"]
[WhiteElo "1800"]
[BlackElo "2005"]
[PlyCount "82"]
[EventDate "1993.??.??"]

{4/(6)} 1. e4 e6 2. d4 d5 3. e5 c5 4. c3 Qb6 5. Nf3 Bd7 6. a4 Nc6 7. Be2 cxd4
8. cxd4 Bb4+ 9. Nc3 Nge7 10. O-O Nf5 11. Bb5 Rc8 12. Na2 Be7 13. b4 Ncxd4 14.
Bxd7+ Kxd7 15. a5 Nxf3+ 16. Qxf3 Qd4 17. Bf4 Rc4 18. Bg3 Rhc8 19. Rfd1 Qe4 20.
Qb3 Nd4 21. Qa4+ Kd8 22. a6 b5 23. Qa3 Nc2 24. Qa5+ Ke8 25. Qxb5+ Kf8 26. Rac1
Bg5 27. f3 Be3+ 28. Kh1 Qf5 29. Qd7 Bxc1 30. Rxc1 Nxb4 31. Qxc8+ Rxc8 32. Rxc8+
Ke7 33. Bh4+ Kd7 34. Rd8+ Kc7 35. Nc3 g5 36. Ra8 gxh4 37. Rxa7+ Kb6 38. Rb7+
Kxa6 39. Rxb4 Qd3 40. Ra4+ Kb7 41. Rb4+ Kc6 0-1

[Event "Eastpointe (MI Action/5/25)"]
[Site "?"]
[Date "1993.??.??"]
[Round "?"]
[White "Grams, Paul"]
[Black "Hill, Brad"]
[Result "1-0"]
[WhiteElo "1800"]
[BlackElo "1605"]
[PlyCount "89"]
[EventDate "1993.??.??"]

{5/(25)} 1. e4 e5 2. Nf3 Nc6 3. Bb5 a6 4. Ba4 b5 5. Bb3 Bc5 6. O-O Nf6 7. Re1
d6 8. h3 O-O 9. c3 a5 10. d4 a4 11. Bc2 Bb6 12. b3 axb3 13. Bxb3 b4 14. Bb2 Ba5
15. d5 bxc3 16. Nxc3 Nb4 17. Nd2 Nd3 18. Qc2 Nxe1 19. Rxe1 Bxc3 20. Qxc3 Rb8
21. Nc4 Re8 22. a4 Ba6 23. Na5 Qd7 24. Nc6 Rb6 25. a5 Rb7 26. Bc1 Bb5 27. Bg5
h6 28. Bh4 Qc8 29. Bd1 Bxc6 30. dxc6 Rb1 31. Qd3 Ra1 32. Qc3 Ra2 33. Bb3 Ra3
34. Bxf7+ Kxf7 35. Qxa3 g5 36. Bg3 Qa6 37. Qa4 Rb8 38. f3 Qd3 39. a6 Nxe4 40.
Qxe4 Qxa6 41. Qf5+ Ke7 42. Qd7+ Kf6 43. Qxc7 Rb2 44. Qxd6+ Kf5 45. Rxe5# 1-0

[Event "Flint (MI Jr/2)"]
[Site "?"]
[Date "1993.??.??"]
[Round "?"]
[White "Gramlich, Allen"]
[Black "Winkelspecht, A."]
[Result "0-1"]
[WhiteElo "1605"]
[BlackElo "1605"]
[PlyCount "44"]
[EventDate "1993.??.??"]

1. e4 c6 2. d4 d5 3. Nc3 dxe4 4. Nxe4 Bf5 5. Ng3 Bg6 6. Nf3 Nf6 7. Bc4 e6 8.
O-O Bd6 9. Bg5 Nbd7 10. Re1 O-O 11. Ne4 Bxe4 12. Rxe4 h6 13. Bxf6 Nxf6 14. Re2
Qc7 15. Ne5 Rad8 16. g3 c5 17. Qd3 Bxe5 18. Rxe5 Rxd4 19. Qe2 Rxc4 20. Rxe6
fxe6 21. Qxe6+ Qf7 22. Qe2 Ne4 0-1

[Event "Flint (MI Jr/5)"]
[Site "?"]
[Date "1993.??.??"]
[Round "?"]
[White "Gramlich, Allen"]
[Black "McNeil, Yaking"]
[Result "1-0"]
[WhiteElo "1605"]
[BlackElo "1605"]
[PlyCount "23"]
[EventDate "1993.??.??"]

1. e4 c5 2. Nf3 Nc6 3. d4 d6 4. Nc3 Nf6 5. dxc5 dxc5 6. Qxd8+ Nxd8 7. Be3 b6 8.
O-O-O Bb7 9. g3 Bxe4 10. Nxe4 Nxe4 11. Bb5+ Nc6 12. Bxc6# 1-0

[Event "Eastpointe (MI Action/1/8)"]
[Site "?"]
[Date "1993.??.??"]
[Round "?"]
[White "Gramlich, Allen"]
[Black "Kebrdle, M."]
[Result "0-1"]
[WhiteElo "1605"]
[BlackElo "2045"]
[PlyCount "88"]
[EventDate "1993.??.??"]

{1/(8)} 1. e4 c5 2. Nf3 d6 3. d4 cxd4 4. Nxd4 Nf6 5. Nc3 e6 6. f3 Be7 7. Be3
Nc6 8. Bb5 Bd7 9. Qd2 a6 10. Nxc6 Bxc6 11. Bxc6+ bxc6 12. O-O Qc7 13. Rad1 Rb8
14. Na4 c5 15. a3 Nd7 16. Qc3 Bf6 17. Qc4 a5 18. c3 O-O 19. Qd3 Qc6 20. Qxd6
Qxa4 21. Qxd7 Qxd7 22. Rxd7 Rxb2 23. Bxc5 Rc8 24. Bd4 e5 25. Bf2 Rxc3 26. Rfd1
g6 27. Ra1 Rcc2 28. Rf1 Bg5 29. Rd3 a4 30. h3 Bh4 31. f4 Bxf2+ 32. Rxf2 Rxf2
33. fxe5 Rxg2+ 34. Kf1 Rh2 35. Kg1 Rhc2 36. Rd1 Rb3 37. h4 Rxa3 38. e6 fxe6 39.
e5 Rg3+ 40. Kf1 a3 41. Rd6 a2 42. Rd1 Rb3 43. Rd8+ Kg7 44. Rd1 Rb1 0-1

[Event "Eastpointe (MI Action/5/15)"]
[Site "?"]
[Date "1993.??.??"]
[Round "?"]
[White "Gramlich, Allen"]
[Black "Herron, J."]
[Result "0-1"]
[WhiteElo "1605"]
[BlackElo "1715"]
[PlyCount "69"]
[EventDate "1993.??.??"]

{5/(15)} 1. e4 d6 2. f4 Nf6 3. Nc3 e5 4. d3 Nc6 5. f5 g6 6. g4 h5 7. g5 Nh7 8.
fxg6 fxg6 9. h4 Bg7 10. Be3 Be6 11. Bh3 Nf8 12. Qd2 Qd7 13. Nb5 Nd4 14. Nxd4
exd4 15. Bf2 Be5 16. Bxe6 Nxe6 17. Nf3 Bf4 18. Qb4 c5 19. Qc4 b5 20. Qb3 a5 21.
c3 a4 22. Qd5 Ke7 23. e5 dxe5 24. Qxd7+ Kxd7 25. cxd4 Nxd4 26. Nxd4 cxd4 27.
Rh3 Rac8 28. Bg3 Bxg3+ 29. Rxg3 Rhf8 30. b3 a3 31. Rg2 Kd6 32. Kd2 Rf3 33. Rh2
Rc3 34. Ke2 Re3+ 35. Kd2 0-1

[Event "Eastpointe (MI Action/3/13)"]
[Site "?"]
[Date "1993.??.??"]
[Round "?"]
[White "Gramlich, Allen"]
[Black "Bee, A."]
[Result "0-1"]
[WhiteElo "1605"]
[BlackElo "1830"]
[PlyCount "111"]
[EventDate "1993.??.??"]

{3/(13)} 1. e4 c6 2. d4 d5 3. Nc3 dxe4 4. Nxe4 Bf5 5. Ng3 Bg6 6. Nf3 e6 7. Bd3
Nf6 8. Bg5 Be7 9. O-O Nbd7 10. Ne5 Qc7 11. Re1 Nd5 12. Bxe7 Nxe7 13. Qe2 Nf6
14. Ne4 Ned5 15. c4 Nf4 16. Nxf6+ gxf6 17. Qf3 fxe5 18. Bxg6 Nxg6 19. dxe5
O-O-O 20. b4 Nxe5 21. Qf4 Nd3 22. Qxc7+ Kxc7 23. Reb1 Rd4 24. Rd1 Rhd8 25. b5
Rxc4 26. bxc6 Rxc6 27. Rd2 Rc1+ 28. Rxc1+ Nxc1 29. Rc2+ Kb8 30. Rxc1 Rd2 31. h3
Rxa2 32. Rb1 Kc7 33. Rc1+ Kd7 34. Rc4 Ra5 35. Rh4 h5 36. Kf1 Rd5 37. Ke2 a5 38.
Ra4 b6 39. Ke3 Rb5 40. Rf4 Ke7 41. Kd3 Rg5 42. g3 Rf5 43. Rxf5 exf5 44. Kc4 Ke6
45. f4 a4 46. Kb4 b5 47. Ka3 Kd5 48. Kb4 Ke4 49. Ka3 Kf3 50. g4 fxg4 51. hxg4
hxg4 52. Kb4 Kxf4 53. Kxb5 a3 54. Kc6 a2 55. Kd7 a1=Q 56. Ke7 0-1

[Event "Flint (MI Jr/1)"]
[Site "?"]
[Date "1993.??.??"]
[Round "?"]
[White "Gramlich, Allen"]
[Black "Banks, David"]
[Result "1-0"]
[WhiteElo "1605"]
[BlackElo "1605"]
[PlyCount "33"]
[EventDate "1993.??.??"]

1. e4 e5 2. Nf3 Nc6 3. Bc4 Qe7 4. Nc3 Nf6 5. d3 d6 6. h3 Be6 7. Bb3 Nd4 8. Nxd4
exd4 9. Nb5 Bxb3 10. axb3 d5 11. O-O O-O-O 12. Rxa7 Kb8 13. Ra2 dxe4 14. dxe4
Nxe4 15. Bf4 Kc8 16. Qg4+ Rd7 17. Ra8# 1-0

[Event "Flint (Beg/3)"]
[Site "?"]
[Date "1993.??.??"]
[Round "?"]
[White "Gourlay, J."]
[Black "Smalec, Joseph"]
[Result "1-0"]
[WhiteElo "1605"]
[BlackElo "1605"]
[PlyCount "95"]
[EventDate "1993.??.??"]

1. e4 c5 2. Nf3 Nc6 3. Nc3 c4 4. d4 e5 5. d5 Bb4 6. Bg5 f6 7. Bh4 g5 8. dxc6
gxh4 9. Nxh4 bxc6 10. Bxc4 f5 11. Bxg8 Rxg8 12. Qh5+ Rg6 13. Nxg6 hxg6 14.
Qxg6+ Kf8 15. Qxf5+ Kg7 16. Qxe5+ Qf6 17. Qxf6+ Kxf6 18. O-O-O d5 19. e5+ Kxe5
20. Rhe1+ Kd6 21. Re8 Kd7 22. Rde1 Bb7 23. R8e6 d4 24. R6e4 c5 25. Re7+ Kc6 26.
R7e6+ Kd7 27. R1e2 dxc3 28. b3 c4 29. bxc4 Ba3+ 30. Kd1 Bxg2 31. R6e3 Bc5 32.
Rxc3 Bd4 33. Rd3 Kc6 34. Rxd4 Kc5 35. Rg4 Bf3 36. Rg5+ Kc6 37. Rg6+ Kc5 38. Kd2
Rd8+ 39. Ke3 Re8+ 40. Kxf3 Rf8+ 41. Kg3 Kxc4 42. Rg4+ Kc3 43. Re3+ Kxc2 44.
Rc4+ Kb2 45. Rb3+ Kxa2 46. Rb5 Rg8+ 47. Kf3 a6 48. Ra4# 1-0

[Event "Flint (Beg/5)"]
[Site "?"]
[Date "1993.??.??"]
[Round "?"]
[White "Gourlay, J."]
[Black "Simmons, M."]
[Result "1-0"]
[WhiteElo "1605"]
[BlackElo "1605"]
[PlyCount "81"]
[EventDate "1993.??.??"]

1. e4 Nf6 2. Nc3 d6 3. d4 Bg4 4. Nf3 e6 5. Bg5 d5 6. e5 Nbd7 7. Bb5 c6 8. Qd3
cxb5 9. Qxb5 Ne4 10. Bxd8 a6 11. Qxb7 Rb8 12. Qxa6 Rxd8 13. Nb5 Bb4+ 14. c3 Nb8
15. Nc7+ Kd7 16. Qb7 Be7 17. Na6+ Ke8 18. Nxb8 f5 19. Qb5+ Kf7 20. Nc6 Rde8 21.
Nxe7 Rxe7 22. O-O Nd2 23. Nxd2 Be2 24. Rfe1 Bxb5 25. f4 h6 26. Re3 g5 27. Rg3
gxf4 28. Rf3 Rg8 29. Rxf4 Rc8 30. Nf3 Be2 31. Nh4 Rg8 32. Nxf5 Ree8 33. Nxh6+
Kg6 34. Nxg8 Rxg8 35. Rf6+ Kg7 36. Re1 Bg4 37. Ref1 Kh8 38. Rf8 Rxf8 39. Rxf8+
Kg7 40. Rf6 Bf5 41. a4 1-0

[Event "Flint (Beg/1)"]
[Site "?"]
[Date "1993.??.??"]
[Round "?"]
[White "Gourlay, J."]
[Black "Bulliner, T."]
[Result "0-1"]
[WhiteElo "1605"]
[BlackElo "1605"]
[PlyCount "82"]
[EventDate "1993.??.??"]

1. e4 e5 2. Nf3 Nc6 3. Nc3 Nf6 4. Bc4 Bb4 5. d3 O-O 6. Bg5 Be7 7. O-O a6 8. Nd5
Nxd5 9. Bxd5 Bxg5 10. Nxg5 Qxg5 11. Bxc6 bxc6 12. Qf3 d6 13. Rfe1 Be6 14. c4
Qg4 15. Re3 Qxf3 16. Rxf3 d5 17. b3 f5 18. exd5 cxd5 19. cxd5 Bxd5 20. Re3 Rae8
21. Rae1 e4 22. d4 Rf6 23. h3 Rc6 24. a4 f4 25. R3e2 Rc3 26. b4 Rd3 27. b5 axb5
28. a5 Rxd4 29. Rb1 Ra4 30. Rxb5 Bc4 31. Rc5 Bxe2 32. Rf5 f3 33. g4 Rc8 34. h4
Ra8 35. Rc5 Ra7 36. h5 R4xa5 37. Rc2 c5 38. g5 c4 39. h6 Rxg5+ 40. Kh2 Ra6 41.
hxg7 Rh6# 0-1

[Event "Troy (TCC/A/1b/2)"]
[Site "?"]
[Date "1993.??.??"]
[Round "?"]
[White "Golonka, Stan"]
[Black "Sajkowski, D."]
[Result "1-0"]
[WhiteElo "1960"]
[BlackElo "1885"]
[PlyCount "75"]
[EventDate "1993.??.??"]

1. c4 Nf6 2. Nc3 g6 3. g3 Bg7 4. Bg2 d6 5. e4 O-O 6. Nge2 e5 7. O-O c6 8. d3
Be6 9. h3 Nbd7 10. f4 Nb6 11. f5 gxf5 12. exf5 Bd7 13. g4 h6 14. Ng3 Nh7 15.
Nh5 Qh4 16. Ne4 d5 17. Neg3 Ng5 18. Bxg5 Qxg5 19. Qe2 Bf6 20. c5 Nc8 21. Rad1
Re8 22. Nxf6+ Qxf6 23. Qe3 Qg7 24. Nh5 Qh8 25. b4 f6 26. Rc1 b5 27. Rfe1 Re7
28. Ra1 a6 29. Qd2 Be8 30. Ng3 Qg7 31. a4 Na7 32. Qa2 bxa4 33. Bxd5+ Kh7 34.
Bf3 Nb5 35. Qg2 Nd4 36. Rxa4 Qg5 37. Ne4 Kg7 38. Nxg5 1-0

[Event "Lansing (MI Am/2)"]
[Site "?"]
[Date "1993.??.??"]
[Round "?"]
[White "Golonka, Stan"]
[Black "Nicolli, Randy"]
[Result "1-0"]
[WhiteElo "1960"]
[BlackElo "1695"]
[PlyCount "99"]
[EventDate "1993.??.??"]

1. c4 f5 2. Nc3 Nf6 3. g3 e5 4. Bg2 d6 5. d3 Be7 6. e4 c6 7. Nge2 O-O 8. O-O
Be6 9. b3 Nbd7 10. exf5 Bxf5 11. d4 Bg6 12. d5 c5 13. f4 Nh5 14. Bh3 exf4 15.
gxf4 Bf5 16. Bxf5 Rxf5 17. Ng3 Nxg3 18. hxg3 Rf7 19. Bb2 Bf6 20. Qc2 Bd4+ 21.
Kg2 Nf6 22. Rae1 Ng4 23. Bc1 Re7 24. Re6 Rxe6 25. dxe6 Qf6 26. Nd5 Qf8 27. e7
Qf7 28. Nc7 Qxe7 29. Nxa8 b6 30. Qd3 h5 31. Qf3 Qf6 32. Qd5+ Kh7 33. Qxh5+ Nh6
34. Qf3 Qf5 35. Be3 Ng4 36. Bxd4 cxd4 37. Rh1+ Kg6 38. Re1 d3 39. Rd1 Qh5 40.
Qxd3+ Kh6 41. Qxd6+ Kh7 42. Qd3+ g6 43. Qd7+ Kh6 44. Rh1 Ne3+ 45. Kg1 Qxh1+ 46.
Kxh1 Nf5 47. g4 Ng3+ 48. Kg2 Ne4 49. g5+ Kh5 50. Qh7+ 1-0

[Event "Troy (TCC/A/3/3)"]
[Site "?"]
[Date "1993.??.??"]
[Round "?"]
[White "Golonka, Stan"]
[Black "Mammen, B."]
[Result "1-0"]
[WhiteElo "1960"]
[BlackElo "1800"]
[PlyCount "93"]
[EventDate "1993.??.??"]

{3/(3)} 1. c4 Nf6 2. Nc3 d6 3. g3 g6 4. Bg2 Bg7 5. e4 c6 6. Nge2 O-O 7. O-O
Nbd7 8. d3 Qc7 9. h3 Nc5 10. b4 Ne6 11. Rb1 Bd7 12. f4 Qb6+ 13. Kh2 h5 14. f5
Nd4 15. Na4 Qa6 16. Nxd4 b5 17. cxb5 cxb5 18. Nc3 Rac8 19. Nce2 Qxa2 20. Qb3
Qxb3 21. Rxb3 Rc7 22. Rc3 Rfc8 23. Rxc7 Rxc7 24. Bd2 e5 25. fxe6 fxe6 26. Rc1
Rxc1 27. Bxc1 e5 28. Nb3 Be6 29. Na5 d5 30. exd5 Nxd5 31. Bxd5 Bxd5 32. Nc3 Bf3
33. Nxb5 Be2 34. Nxa7 Bxd3 35. N7c6 e4 36. Be3 Kf7 37. Bd4 Bxd4 38. Nxd4 Kf6
39. Nac6 e3 40. Kg2 Be4+ 41. Kf1 Kg5 42. Ke2 Bg2 43. h4+ Kg4 44. b5 Bh3 45. b6
Kxg3 46. b7 Bg4+ 47. Kxe3 1-0

[Event "Lansing (MI Am/4)"]
[Site "?"]
[Date "1993.??.??"]
[Round "?"]
[White "Golonka, Stan"]
[Black "Kruskie, Jerry"]
[Result "1/2-1/2"]
[WhiteElo "1960"]
[BlackElo "1850"]
[PlyCount "115"]
[EventDate "1993.??.??"]

1. c4 c5 2. Nc3 Nf6 3. g3 d5 4. cxd5 Nxd5 5. Bg2 Nc7 6. Nf3 Nc6 7. O-O e5 8. d3
Bd7 9. Be3 Be7 10. Rc1 Ne6 11. Nd5 O-O 12. Nxe7+ Qxe7 13. Nd2 Rac8 14. Nc4 f6
15. Bd2 Ned4 16. Bc3 b6 17. Re1 Bf5 18. Na3 Rfd8 19. Qa4 Qd7 20. e3 Ne6 21.
Rcd1 Qc7 22. Qc4 Qe7 23. Bd5 Re8 24. g4 Bg6 25. f4 Bf7 26. Qb5 Qc7 27. fxe5
Nxe5 28. h3 Ng5 29. Bxf7+ Qxf7 30. Kg2 h5 31. Bxe5 Rxe5 32. Qc4 Rd5 33. e4 Rd4
34. Qxf7+ Nxf7 35. gxh5 Rcd8 36. Re3 Ne5 37. Nb5 Rxd3 38. Rexd3 Rxd3 39. Rxd3
Nxd3 40. Nxa7 Nxb2 41. Nc8 Na4 42. Kf3 Kh7 43. Kg4 b5 44. Nd6 b4 45. Nc4 Nc3
46. a3 bxa3 47. Nxa3 Nxe4 48. Nc4 Ng5 49. Ne3 Nf7 50. Kf5 Ne5 51. Ke4 c4 52.
Nf5 g6 53. hxg6+ Kxg6 54. Ne7+ Kh5 55. Nd5 Nd3 56. Kf5 Kh4 57. Kxf6 Kxh3 58.
Kf5 1/2-1/2

[Event "East Lansing (MI Op/2/28)"]
[Site "?"]
[Date "1993.??.??"]
[Round "?"]
[White "Golonka, Stan"]
[Black "Gregory, Kevin"]
[Result "1/2-1/2"]
[WhiteElo "1950"]
[BlackElo "1815"]
[PlyCount "95"]
[EventDate "1993.??.??"]

{2/(28)} 1. c4 e6 2. Nc3 d5 3. cxd5 exd5 4. d4 Nf6 5. Nf3 c6 6. Bf4 Be7 7. Qc2
Nbd7 8. h3 Qa5 9. Nd2 O-O 10. e3 h6 11. Bd3 c5 12. Nb3 Qb6 13. dxc5 Nxc5 14.
Nxc5 Bxc5 15. O-O Bd6 16. Bxd6 Qxd6 17. Rfd1 Qe5 18. Ne2 Bd7 19. Qc3 Qg5 20.
Nf4 Rac8 21. Qd4 a6 22. Rac1 Bc6 23. Be2 Rcd8 24. a3 Rfe8 25. Bxa6 Re4 26. Qb6
Nd7 27. Qc7 d4 28. Bd3 Rxf4 29. Rxc6 dxe3 30. fxe3 Rf3 31. Qxd7 bxc6 32. Qxd8+
Qxd8 33. Bh7+ Kxh7 34. Rxd8 Rxe3 35. Rc8 Rb3 36. Rxc6 Rxb2 37. a4 Ra2 38. Ra6
f6 39. a5 Kg6 40. Ra7 Kf5 41. Rxg7 Rxa5 42. Rg4 Ra2 43. Rb4 Kg5 44. Rb5+ Kg6
45. Kh2 f5 46. Rb6+ Kg5 47. h4+ Kxh4 48. Rxh6+ 1/2-1/2

[Event "East Lansing (MI Op/5/15)"]
[Site "?"]
[Date "1993.??.??"]
[Round "?"]
[White "Golonka, Stan"]
[Black "Arganian, David G"]
[Result "1/2-1/2"]
[WhiteElo "1950"]
[BlackElo "2050"]
[PlyCount "77"]
[EventDate "1993.??.??"]

{5/(15)} 1. c4 e5 2. Nc3 Nf6 3. g3 c6 4. Bg2 d5 5. b3 d4 6. Ne4 Nxe4 7. Bxe4 f5
8. Bg2 e4 9. d3 Bb4+ 10. Bd2 Qe7 11. Bxb4 Qxb4+ 12. Qd2 Qxd2+ 13. Kxd2 exd3 14.
Kxd3 c5 15. b4 cxb4 16. Nf3 Nc6 17. Nxd4 Ne5+ 18. Kc2 Nxc4 19. Kb3 Nd2+ 20.
Kxb4 Bd7 21. Nb5 Ke7 22. Rhd1 Ne4 23. Bxe4 fxe4 24. Rd4 a5+ 25. Ka4 Bc6 26. f4
Rhd8 27. Rxd8 Kxd8 28. Rb1 Ra6 29. Ka3 Rb6 30. Rd1+ Ke7 31. Nd4 Bd7 32. Rc1 Rh6
33. h4 Rg6 34. Rc3 b5 35. Re3 Kd6 36. Rxe4 Rxg3+ 37. e3 Kd5 38. Re7 Kd6 39. Re5
1/2-1/2

[Event "Ann Arbor (HVA/3/17)"]
[Site "?"]
[Date "1993.??.??"]
[Round "?"]
[White "Golingai, P."]
[Black "Venia, Matt"]
[Result "1-0"]
[WhiteElo "1675"]
[BlackElo "1605"]
[PlyCount "97"]
[EventDate "1993.??.??"]

{3/(17)} 1. d4 Nc6 2. c4 Nf6 3. Nc3 e6 4. Bg5 Bb4 5. e4 Bxc3+ 6. bxc3 h6 7. Bh4
g5 8. Bg3 Nxe4 9. Qf3 f5 10. d5 g4 11. Qd3 Nc5 12. Qe3 Qf6 13. dxc6 bxc6 14.
Be5 Qe7 15. Bxh8 Ne4 16. Qxh6 Qc5 17. Qg6+ Kd8 18. Qg8+ Ke7 19. Bd4 Qa3 20.
Qg7+ Kd8 21. Bf6+ Nxf6 22. Qxf6+ Ke8 23. Bd3 Rb8 24. Ne2 d5 25. O-O dxc4 26.
Bxc4 Qc5 27. Rad1 Bd7 28. Rxd7 Kxd7 29. Rd1+ Ke8 30. Qxe6+ Qe7 31. Qxc6+ Kf8
32. Qh6+ Qg7 33. Qc6 g3 34. fxg3 a5 35. Nd4 Rb6 36. Qc5+ Qe7 37. Qxf5+ Rf6 38.
Qc8+ Kg7 39. Qg8+ Kh6 40. Qh8+ Kg5 41. Nf3+ Kg6 42. Qg8+ Kh6 43. Qg5+ Kh7 44.
Qg8+ Kh6 45. Qh8+ Kg6 46. Nh4+ Kg5 47. Rd5+ Rf5 48. Qg8+ Kf6 49. Qg6# 1-0

[Event "Flint (Class C/4)"]
[Site "?"]
[Date "1993.??.??"]
[Round "?"]
[White "Golingai, P."]
[Black "Vaka, Flamur"]
[Result "1/2-1/2"]
[WhiteElo "1605"]
[BlackElo "1605"]
[PlyCount "76"]
[EventDate "1993.??.??"]

1. d4 Nf6 2. c4 c5 3. d5 b5 4. cxb5 a6 5. b6 Qxb6 6. Nc3 d6 7. e4 Nbd7 8. Nf3
g6 9. Be2 Bg7 10. Nd2 Ne5 11. f4 Neg4 12. Nc4 Qc7 13. O-O Bd7 14. a4 a5 15. Bd2
O-O 16. h3 Nh6 17. g4 Ne8 18. g5 Bxh3 19. gxh6 Bd4+ 20. Kh2 Bxf1 21. Qxf1 Bh8
22. Nb5 Qd8 23. Bc3 Bxc3 24. bxc3 Nc7 25. Ne3 Nxb5 26. Bxb5 e6 27. Qh3 Qf6 28.
Ng2 exd5 29. exd5 Ra7 30. Re1 Re7 31. Rxe7 Qxe7 32. Qe3 Qf6 33. Kg1 Rd8 34. Kf1
Rb8 35. Kf2 Kf8 36. Kg3 Qf5 37. Nh4 Qxd5 38. Nf3 f6 1/2-1/2

[Event "Gaylord (NMO/1/18)"]
[Site "?"]
[Date "1993.??.??"]
[Round "?"]
[White "Golingai, P."]
[Black "Sussex, P."]
[Result "1-0"]
[WhiteElo "1715"]
[BlackElo "1605"]
[PlyCount "53"]
[EventDate "1993.??.??"]

{1/(18)} 1. d4 d5 2. c4 e6 3. Nc3 Nf6 4. Nf3 Be7 5. Bf4 a6 6. e3 O-O 7. Bd3 Nc6
8. a3 dxc4 9. Bxc4 b5 10. Bd3 Bb7 11. b4 Nh5 12. Bg3 Nxg3 13. hxg3 h6 14. Bc2
f5 15. Qd3 Bg5 16. g4 Qf6 17. gxf5 exf5 18. Bb3+ Kh8 19. Nd5 Qd8 20. Nxc7 Qxc7
21. Nxg5 Qd7 22. Qe2 Rae8 23. Qh5 Qe7 24. Qg6 Qxg5 25. Qxg5 Nxd4 26. Rxh6+ gxh6
27. Qxh6# 1-0

[Event "Lansing (MI Am/2)"]
[Site "?"]
[Date "1993.??.??"]
[Round "?"]
[White "Golingai, P."]
[Black "Skidmore, Jennifer"]
[Result "0-1"]
[WhiteElo "1630"]
[BlackElo "1900"]
[PlyCount "54"]
[EventDate "1993.??.??"]

1. d4 d5 2. c4 e6 3. Nc3 c6 4. cxd5 exd5 5. Nf3 Nf6 6. Bg5 Be7 7. e3 O-O 8. Qc2
Re8 9. Bd3 h6 10. Bf4 Nbd7 11. O-O Nh5 12. Bg3 Nxg3 13. fxg3 Nf6 14. Ne5 Be6
15. Ne2 Bd6 16. Rf2 Bxe5 17. dxe5 Ng4 18. Bh7+ Kh8 19. Rf3 Nxe5 20. Rf4 g6 21.
Bxg6 fxg6 22. Rh4 Qg5 23. Nf4 Bf5 24. Qc3 Kh7 25. Qb4 Re7 26. Qd6 Rae8 27. Re1
Nc4 0-1

[Event "Lansing (MI Am/4)"]
[Site "?"]
[Date "1993.??.??"]
[Round "?"]
[White "Golingai, P."]
[Black "Serwatowski, Felix"]
[Result "1-0"]
[WhiteElo "1630"]
[BlackElo "1605"]
[PlyCount "52"]
[EventDate "1993.??.??"]

1. d4 d5 2. c4 e6 3. Nc3 Nf6 4. Nf3 Be7 5. Bf4 Nbd7 6. e3 b6 7. cxd5 exd5 8.
Nb5 O-O 9. Nxc7 Bb4+ 10. Nd2 Nh5 11. Qxh5 Nf6 12. Qd1 Ne4 13. Nxa8 Bxd2+ 14.
Ke2 Ba6+ 15. Kf3 Bc8 16. Be2 g5 17. g3 Bh3 18. Bf1 Bxf1 19. Qxf1 gxf4 20. gxf4
Qxa8 21. Rg1+ Kh8 22. Qh3 f5 23. Rg6 Qe8 24. Rag1 Nf6 25. Qh6 Rg8 26. Rxg8+
Nxg8 1-0

[Event "East Lansing (MOR/3/26)"]
[Site "?"]
[Date "1993.??.??"]
[Round "?"]
[White "Golingai, P."]
[Black "Reist, Douglas"]
[Result "1/2-1/2"]
[WhiteElo "1670"]
[BlackElo "1605"]
[PlyCount "79"]
[EventDate "1993.??.??"]

{3/(26)} 1. d4 Nf6 2. c4 g6 3. Nc3 Bg7 4. e4 d6 5. f3 O-O 6. Be3 Nbd7 7. Nge2
e5 8. d5 a5 9. g4 b6 10. Ng3 Nc5 11. h4 Nfd7 12. Qd2 Re8 13. h5 Nf8 14. O-O-O
Bd7 15. hxg6 fxg6 16. Bh6 Qf6 17. Be2 a4 18. Bxg7 Kxg7 19. Rh6 Qf7 20. Qg5 Kh8
21. Rdh1 Qf4+ 22. Qxf4 exf4 23. Nf1 c6 24. Kc2 Reb8 25. Nd2 b5 26. dxc6 Bxc6
27. cxb5 Be8 28. Nd5 Nce6 29. Kb1 Bxb5 30. Bxb5 Rxb5 31. Rc1 Rab8 32. Nc4 Kg7
33. Rh2 Nd4 34. Nxd6 Nxf3 35. Rc7+ Kh8 36. Nf7+ Kg8 37. Rf2 Ne6 38. Nh6+ Kh8
39. Re7 Nfg5 40. Nf7+ 1/2-1/2

[Event "Flint (Class C/3)"]
[Site "?"]
[Date "1993.??.??"]
[Round "?"]
[White "Golingai, P."]
[Black "Nixon, Peter"]
[Result "1-0"]
[WhiteElo "1605"]
[BlackElo "1605"]
[PlyCount "75"]
[EventDate "1993.??.??"]

1. d4 d5 2. c4 Nf6 3. cxd5 Nxd5 4. e4 Nb6 5. Nf3 e6 6. Nc3 c5 7. Be3 cxd4 8.
Bxd4 Nc6 9. Bb5 Bd7 10. Bxc6 Bxc6 11. O-O f6 12. Qb3 e5 13. Be3 Nd7 14. Rfd1
Qc7 15. Qe6+ Be7 16. Rac1 Nf8 17. Qb3 Rd8 18. Bxa7 Ra8 19. Bb6 Qc8 20. Nb5 Ne6
21. Rd6 Kf7 22. Ne1 Bd8 23. Rdxc6 Qxc6 24. Rxc6 bxc6 25. Bxd8 cxb5 26. Bb6 Rhc8
27. g3 Rc1 28. Kf1 Rac8 29. Ke2 R8c6 30. Be3 R1c4 31. Kf3 Kg6 32. Nd3 Rd4 33.
Nb4 Rcc4 34. Kg2 Rxe4 35. Nd5 Nd4 36. Bxd4 exd4 37. Qxb5 d3 38. Nf4+ 1-0

[Event "Gaylord (NMO/3/14)"]
[Site "?"]
[Date "1993.??.??"]
[Round "?"]
[White "Golingai, P."]
[Black "McNamara, Ron"]
[Result "1-0"]
[WhiteElo "1715"]
[BlackElo "1605"]
[PlyCount "61"]
[EventDate "1993.??.??"]

{3/(14)} 1. d4 d5 2. c4 e6 3. Nc3 Bb4 4. e3 Nf6 5. Bd3 Bxc3+ 6. bxc3 c5 7. Nf3
O-O 8. O-O Nbd7 9. Re1 Qc7 10. cxd5 Nxd5 11. Bd2 c4 12. Bc2 b5 13. e4 N5f6 14.
e5 Nd5 15. Ng5 g6 16. Qg4 h6 17. Nxe6 Nxe5 18. Rxe5 Bxe6 19. Qg3 Rfe8 20. Bxh6
Nf6 21. Bxg6 Ng4 22. Be4 f6 23. Rg5+ fxg5 24. Qxc7 Bf7 25. Bxa8 Nxh6 26. Bf3 g4
27. Bc6 Re6 28. Bd5 Rf6 29. Bxf7+ Rxf7 30. Qd8+ Rf8 31. Qg5+ 1-0

[Event "East Lansing (MOR/5/17)"]
[Site "?"]
[Date "1993.??.??"]
[Round "?"]
[White "Golingai, P."]
[Black "Horn, K."]
[Result "1-0"]
[WhiteElo "1670"]
[BlackElo "1605"]
[PlyCount "71"]
[EventDate "1993.??.??"]

{5/(17)} 1. d4 Nf6 2. c4 e6 3. Nc3 Bb4 4. e3 b6 5. Bd3 Bb7 6. Nf3 Ne4 7. Qc2
Bxc3+ 8. bxc3 f5 9. Nd2 Nxd2 10. Bxd2 Bxg2 11. Rg1 Bb7 12. Rxg7 Qh4 13. O-O-O
Qxf2 14. Rdg1 Qxh2 15. e4 f4 16. e5 Nc6 17. Bg6+ Kd8 18. Bxh7 Kc8 19. Qg6 f3
20. Qf7 Rd8 21. Be4 Nxe5 22. Bxb7+ Kxb7 23. dxe5 f2 24. Qf3+ Ka6 25. Rf1 Rf8
26. Rf7 Rxf7 27. Qxf7 Qxe5 28. Rxf2 Qd6 29. Qf3 Rf8 30. Qxf8 Qc6 31. Qc8+ Ka5
32. c5 b5 33. c4+ Ka4 34. Qh8 Qxc5 35. Qc3 Qxc4 36. Rf4 1-0

[Event "Ann Arbor (HVA/5/11)"]
[Site "?"]
[Date "1993.??.??"]
[Round "?"]
[White "Golingai, P."]
[Black "Emke, Robert"]
[Result "1/2-1/2"]
[WhiteElo "1675"]
[BlackElo "1895"]
[PlyCount "44"]
[EventDate "1993.??.??"]

{5/(11)} 1. d4 e6 2. c4 f5 3. g3 c6 4. Bg2 d5 5. cxd5 exd5 6. Nf3 Bb4+ 7. Bd2
Bxd2+ 8. Nbxd2 Nf6 9. Ne5 O-O 10. O-O Ne4 11. f4 Nd7 12. Nxd7 Nxd2 13. Qxd2
Bxd7 14. b4 Re8 15. Kf2 Re6 16. e3 Qe7 17. Rfe1 Re8 18. Bf3 Rh6 19. Kg2 Re6 20.
Kf2 Rh6 21. Kg2 Re6 22. Kf2 Rh6 1/2-1/2

[Event "Gaylord (NMO/5/12)"]
[Site "?"]
[Date "1993.??.??"]
[Round "?"]
[White "Golingai, P."]
[Black "Cutler, C."]
[Result "1-0"]
[WhiteElo "1715"]
[BlackElo "1605"]
[PlyCount "116"]
[EventDate "1993.??.??"]

{5/(12)} 1. d4 d5 2. c4 c6 3. cxd5 cxd5 4. Nc3 Nf6 5. Bf4 e6 6. Nf3 Bd6 7. Bg3
Nc6 8. e3 Ne4 9. Nxe4 dxe4 10. Nd2 Bb4 11. a3 Bxd2+ 12. Qxd2 O-O 13. Bb5 Bd7
14. O-O Qg5 15. Ba4 Rad8 16. Bc2 f5 17. Rac1 Be8 18. Bb1 e5 19. Ba2+ Kh8 20. d5
f4 21. h4 Qg4 22. Bh2 Qxh4 23. Qc2 Rf6 24. g3 Rg6 25. Qxe4 Rg4 26. Qg2 Qf6 27.
dxc6 Bxc6 28. Qh3 Qf5 29. Bb1 Rxg3+ 30. Qxg3 fxg3 31. Bxf5 gxh2+ 32. Kxh2 Rd6
33. Rcd1 Rh6+ 34. Kg3 g6 35. Rd6 Kg7 36. Bg4 Kf7 37. Bf3 Ke7 38. Rfd1 Bxf3 39.
Kxf3 Rh3+ 40. Kg2 Rh4 41. Kg3 g5 42. Rd7+ Ke6 43. R1d6+ Kf5 44. f3 e4 45. Rd5+
Ke6 46. R7d6+ Ke7 47. f4 h6 48. fxg5 hxg5 49. Rxg5 Rh1 50. Rdg6 Rb1 51. Kf4
Rxb2 52. Re5+ Kd7 53. Rh5 Rf2+ 54. Kxe4 Ke7 55. Rh7+ Rf7 56. Rgg7 Rxg7 57.
Rxg7+ Kd6 58. Kd4 Kc6 1-0